Lanean...
കെ.എൻ രാജ്:ഓർമയിൽ നിന്ന് ചില ഇതളുകൾ
| Egile nagusia: | |
|---|---|
| Beste egile batzuk: | |
| Formatua: | Printed Book |
| Argitaratua: |
Thrissur.
Current Books:
2001,
|
| Gaiak: |
| LEADER | 00535cam a2200145ua 4500 | ||
|---|---|---|---|
| 999 | |c 44941 |d 44941 | ||
| 082 | |a 923.354 |b MUR-K | ||
| 100 | |a മുരളി | ||
| 245 | |a കെ.എൻ രാജ്:ഓർമയിൽ നിന്ന് ചില ഇതളുകൾ | ||
| 260 | |b Current Books: |c 2001, |a Thrissur. | ||
| 300 | |a 112p. | ||
| 650 | |a K N Raj :Ormayil ninnu Chila Ithalukal | ||
| 700 | |a Murali. | ||
| 942 | |c BK | ||
| 952 | |0 0 |1 0 |4 0 |6 923_354000000000000_MURK |7 0 |9 56902 |a KU |b KU |c GEN |d 2015-07-05 |g 65.00 |l 0 |o 923.354 MUR-K |p CL00909 |r 2015-07-05 |y BK | ||